Malaysia sports & fitness directory 2007/ 2008.

Bibliographic Details
Format: Book
Published: Shah Alam: Marshall Cavendish, 2007.
Subjects:
LEADER 00647cam a2200169 7i4500
001 0000019798
005 20070921090000.0
090 0 0 |a M 688.76025   |b MAL 
245 0 0 |a Malaysia sports & fitness directory 2007/ 2008. 
260 0 0 |a Shah Alam:   |b Marshall Cavendish,   |c 2007. 
300 # # |a 299 p. 
650 0 0 |a Sporting goods --   |x Directories --   |z Malaysia  
651 0 0 |a Malaysia  
999 |a PNG000698H  |b Directories  |c Malaysia  |e MATRADE Northern Regional Office 
999 |a PNG000699H  |b Directories  |c Malaysia  |e MATRADE Northern Regional Office 
999 |a SRW000103H  |b Directories  |c Malaysia  |e MATRADE Sarawak 
999 |a SRW000104H  |b Directories  |c Malaysia  |e MATRADE Sarawak